000 00585nam a22002177a 4500
001 37750
003 BD-RjUL
005 20211209052639.0
008 140612s1974 bg ||||| |||| 00| 0 eng d
035 _a(BD-RjUL)37854
040 _aBD-RjUL
_beng
_cBD-RjUL
041 _aeng
082 0 4 _219
_a336.24
_bNUI 1974
100 1 _aNurunnobi, M.
_9109518
245 1 0 _aIncome-tax :
_blaw & practice /
_cM. Nurunnobi.
250 _a5th ed. (rev. and enl).
260 _aRajshahi :
_bGulshan Ara,
_c1974.
300 _avi, 430 p. ;
_c21 cm.
650 0 _aIncome tax
_9109519
942 _2ddc
_cBK
999 _c37750
_d37750